The Metaxas dictatorship : aspects of Greece, 1936-1940

Αποθηκεύτηκε σε:
Λεπτομέρειες βιβλιογραφικής εγγραφής
Άλλοι συγγραφείς: Higham, Robin D. S. (Επιμελητής έκδοσης), Βερέμης, Θάνος Μ., 1943- (Επιμελητής έκδοσης)
Μορφή: Βιβλίο
Γλώσσα:English
Δημοσίευση: Athens : Hellenic Foundation for Defense and Foreign Policy (ELIAMEP), c1993
Θέματα:
Ετικέτες: Προσθήκη ετικέτας
Δεν υπάρχουν, Καταχωρήστε ετικέτα πρώτοι!

MARC

LEADER 00000nam a2200000 i 4500
001 1/6956
008 960717s1993 eng d
020 |a 960-7061-14-4 
035 |l 10016535 
040 |a GR-MY-UA  |b gre  |e aacr 
041 0 |a eng 
082 0 |a 320.9495 
245 1 4 |a The Metaxas dictatorship :  |b aspects of Greece, 1936-1940 /  |c Edited by Robin Higham and Thanos Veremis 
260 |a Athens :   |b Hellenic Foundation for Defense and Foreign Policy (ELIAMEP),   |c c1993 
300 |a 240 p.;  |c 21 cm 
504 |a Includes bibliographical references 
600 1 0 |a Μεταξάς Ιωάννης Π.  |d 1871-1941. 
650 0 0 |a Communism  |z Greece. 
651 0 |a Greece  |x Politics and government  |y 1935-1967. 
700 1 |a Higham, Robin D. S.  |4 edt 
700 1 |a Βερέμης, Θάνος Μ.,   |d 1943-  |4 edt 
852 |a INST  |b LESVOS  |e 19960718  |h 320.9495 MET  |p 005100002038  |q 005100002038  |t BK  |y 0 
852 |a INST  |b LESVOS  |e 19960717  |h 320.9495 MET  |p 005100009476  |q 005100009476  |t BK  |y 0 
909 |a Λ  |b 036890 
909 |a Λ  |b 044211